|
|
|
|
| LEADER |
00000nam a22000007a 4500 |
| 005 |
20220131221218.0 |
| 007 |
cr|||| |||| |
| 008 |
220131s2020 eu |||||s||||i00||0 eng d |
| 020 |
|
|
|a 978-92-76-15043-5
|
| 035 |
|
|
|a 34650
|
| 040 |
|
|
|a vLex
|
| 090 |
|
|
|c 12891
|d 12891
|
| 100 |
1 |
|
|a Roques, Fabien
|
| 245 |
1 |
0 |
|a Combined retrospective evaluation and prospective impact assessment support study on Emission Trading System (ETS) State Aid Guidelines
|h [Recurso electrn̤ico] :
|b Final report /
|c Fabien Roques, Helene Laroche
|
| 256 |
|
|
|a Servicio en ln̕ea
|
| 260 |
|
|
|a Bruselas:
|b European Union Publications Office,
|c 2020
|
| 300 |
|
|
|a 1 recurso electrn̤ico
|
| 506 |
1 |
|
|a Disponible solo en los productos indicados
|d vLex Global
|d vLex Global (Academic Edition, excluding Law Schools)
|d vLex Global (U.S. Academic Edition, Law Schools)
|d vLex Global (U.S. Academic Edition, excluding Law Schools)
|d vLex Global (Academic Edition, Law Schools)
|
| 650 |
0 |
4 |
|a Derecho Pb︢lico y Administrativo
|z Unin̤ Europea
|
| 650 |
0 |
4 |
|a Derecho Comunitario
|z Unin̤ Europea
|
| 700 |
1 |
|
|a Laroche, Helene
|
| 740 |
0 |
|
|a vLex Libros (Servicio en ln̕ea)
|
| 856 |
4 |
0 |
|u https://app.vlex.com/#/sources/34650
|z Acceso restringido
|
| 942 |
|
|
|c BOOK
|
| 999 |
0 |
|
|a Public and Administrative Law
|
| 999 |
0 |
|
|a Community Law
|